000 00305cam a22001217a 4500
008 180718b1965 xxu||||| |||| 00| 0 eng d
082 _aB253 Sa77
100 _aSartori, G.
245 _aDemocratic theory
_cby G. Sartori
260 _aCalcutta
_bOxford & IBH
_c1965
300 _a479p.
650 _aDemocracy
999 _c353594
_d353594